Quiz sulla pallavolo - Statistics

Statistiche generali
  • Questo quiz è stato fatto 304 volte
  • Il punteggio medio è 12 su 15
Statistiche sulle risposte
Domande Risposte % Corretto
A che punto finisce il set? 25
93%
Quanti tocchi sono permessi nella pallavolo? 3
93%
Il tocco a muro vale come tocco sì o no? No
93%
Di quanti set totali si può comporre una partita? 5
92%
Quante persone ci sono in campo? 6
92%
Con quale fondamentale individuale inizia il gioco? Battuta
92%
Chi è l'unica persona in campo che non può battere? Libero
88%
Qual è il ruolo di Paola Egonu? Opposto
83%
Dove è nata la pallavolo? Stati Uniti
82%
Chi è stata l'alzatrice titolare durante le ultime Olimpiadi? Alessia Orro
76%
Chi è il capitano della nazionale italiana maschile? Simone Giannelli
75%
Chi è il regista della squadra? Alzatore
71%
Chi è il capitano della nazionale italiana femminile di pallavolo? Anna Danesi
69%
Quanto è alta la rete nella pallavolo femminile? 2,24
64%
Qual è la dimensione del campo? 18 x 9
47%
Nessun quiz corrispondente trovato
Distribuzione punteggi
Percentuale di utenti per punteggio
Percentile per numero di risposta
I tuoi punteggi nel tempo
Non hai fatto questo quiz